000 00826cab a2200301 4500
001 ABS59459
008 090401t1998 xxu||||| |||| 00| 0 eng d
035 _a(Sirsi) u89473
041 _aeng
100 _aElford, J.
245 _aBorder controls
260 _c1998
350 _a0
490 _aProperty Week
_v63(27) 30 October 1998, 32-34(3)
520 _aReviews how planning policy differs in various European countries, detailing the regulations in Poland, Austria, France, Spain, Germany and Denmark.
650 _aAUSTRIA
650 _aCOMPARISONS
650 _aDENMARK
650 _aFRANCE
650 _aGERMANY
650 _aPLANNING POLICY
650 _aPLANNING REGULATIONS
650 _aPOLAND
650 _aSPAIN
690 _aEUROPE-SINGLE MARKET
942 _n0
948 _c04/11/1998
999 _c56612
_d56612